000 00455nam a2200169Ia 4500
001 55076
008 120601n ii |||gr||||Z||||||465
020 _a978-93-5006-235-7
082 _a531
245 0 _aRelativistic Mechanics (Theory of relativity)
_cSatya Prakash
_hTextual Documents
260 _aGujrat
_bPragati Prakashan
300 _a496pg:
_c23cm.
653 _aDeptt-Physics
653 _aPhysics
700 _aPrakash,Satya.
942 _2ddc
_cBK
999 _c55013
_d55013